[Event "FIRST SATURDAY  GM JUNE 2014 DR"]
[Site "Budapest"]
[Date "2014.06.07"]
[Round "1.2"]
[White "Sean, Winshand Cuhendi"]
[Black "Berczes, David"]
[Result "0-1"]
[WhiteElo "2379"]
[BlackElo "2481"]
[PlyCount "76"]
[EventDate "2014.06.07"]

1. e4 e5 2. Nf3 Nc6 3. Bb5 a6 4. Ba4 Nf6 5. O-O Be7 6. d3 b5 7. Bb3 d6 8. a3
O-O 9. Nc3 Bg4 10. Be3 Nd4 11. Bxd4 exd4 12. Nd5 Nd7 13. h3 Bxf3 14. Qxf3 c6
15. Nf4 Rb8 16. Qg4 Nc5 17. Nh5 g6 18. f4 Kh8 19. Ng3 a5 20. Qf3 a4 21. Ba2 b4
22. Bc4 b3 23. Rac1 Qb6 24. Ne2 f5 25. Kh1 Bf6 26. c3 fxe4 27. dxe4 Rbe8 28. e5
dxe5 29. fxe5 Bg7 30. Qg3 Rxf1+ 31. Rxf1 dxc3 32. Nf4 Qd8 33. e6 c2 34. Nxg6+
hxg6 35. Qxg6 Qe7 36. Qh5+ Kg8 37. Qf7+ Qxf7 38. exf7+ Kf8 0-1

[Event "FIRST SATURDAY  GM JUNE 2014 DR"]
[Site "Budapest"]
[Date "2014.06.07"]
[Round "1.3"]
[White "Akesson, Ralf"]
[Black "Wang, Puchen"]
[Result "1/2-1/2"]
[WhiteElo "2446"]
[BlackElo "2450"]
[PlyCount "115"]
[EventDate "2014.06.07"]

1. Nf3 d5 2. d4 Nf6 3. c4 c6 4. e3 Bf5 5. Nc3 e6 6. Nh4 Be4 7. f3 Bg6 8. Qb3
Qc7 9. Bd2 Be7 10. Nxg6 hxg6 11. O-O-O dxc4 12. Bxc4 b5 13. Bd3 Nbd7 14. e4 a6
15. e5 Nd5 16. Kb1 Qa7 17. Ne2 c5 18. Be4 c4 19. Qc2 N7b6 20. Ba5 Rc8 21. Bxb6
Nxb6 22. d5 exd5 23. Bxd5 Rc5 24. Nf4 Bg5 25. e6 Bxf4 26. exf7+ Kf8 27. Qe4 Qe7
28. Qxe7+ Kxe7 29. Rhe1+ Kf6 30. Re6+ Kxf7 31. Rxb6+ Kf8 32. h3 g5 33. Rxa6 Rh6
34. Be6 Rc7 35. Re1 Rb7 36. Re4 Rf6 37. Rc6 g6 38. Rc8+ Kg7 39. Rg8+ Kh6 40.
Re8 Kg7 41. Kc2 Rf8 42. Rxf8 Kxf8 43. Kc3 Kg7 44. Re2 Re7 45. Re4 Kf6 46. Bd5
Be5+ 47. Kc2 Ra7 48. a3 Ra6 49. h4 gxh4 50. Rxh4 Rd6 51. Be4 Rb6 52. f4 Bc7 53.
Kc3 Re6 54. Kd4 g5 55. Rh6+ Ke7 56. Rh7+ Kd6 57. Rxc7 Kxc7 58. fxg5 1/2-1/2

[Event "FIRST SATURDAY  GM JUNE 2014 DR"]
[Site "Budapest"]
[Date "2014.06.08"]
[Round "2.1"]
[White "Seres, Lajos"]
[Black "Wang, Puchen"]
[Result "1/2-1/2"]
[WhiteElo "2444"]
[BlackElo "2450"]
[PlyCount "79"]
[EventDate "2014.06.07"]

1. d4 Nf6 2. Nf3 g6 3. g3 Bg7 4. Bg2 d5 5. O-O O-O 6. c4 dxc4 7. Na3 c3 8. bxc3
c5 9. Ne5 Nc6 10. Nac4 Nd5 11. Bb2 Be6 12. e3 Nxe5 13. Nxe5 Bxe5 14. dxe5 Qb6
15. Bxd5 Rfd8 16. e4 Qxb2 17. Qf3 Rab8 18. Rfd1 Bxd5 19. exd5 Qc2 20. a4 Rd7
21. Qg4 Rbd8 22. c4 b6 23. h4 Kg7 24. Qf4 h5 25. Re1 Rb7 26. Ra3 Rf8 27. Rc1
Qe2 28. Kg2 a6 29. Rb1 b5 30. axb5 axb5 31. Rxb5 Rxb5 32. cxb5 Qxb5 33. Ra7 c4
34. Qd4 Rd8 35. d6 exd6 36. exd6+ Kg8 37. Rc7 Qf5 38. Rxc4 Qd7 39. Rc7 Qxd6 40.
Qxd6 1/2-1/2

[Event "FIRST SATURDAY  GM JUNE 2014 DR"]
[Site "Budapest"]
[Date "2014.06.08"]
[Round "2.2"]
[White "Berczes, David"]
[Black "Akesson, Ralf"]
[Result "0-1"]
[WhiteElo "2481"]
[BlackElo "2446"]
[PlyCount "116"]
[EventDate "2014.06.07"]

1. d4 Nf6 2. c4 e6 3. Nf3 b6 4. g3 Bb7 5. Bg2 Be7 6. O-O O-O 7. Re1 Na6 8. Ne5
Bxg2 9. Kxg2 Qb8 10. e4 c5 11. Bg5 Qc8 12. Ng4 Qd8 13. Bxf6 Bxf6 14. e5 Be7 15.
d5 exd5 16. cxd5 d6 17. Nc3 f5 18. exd6 Bxd6 19. Ne3 Nc7 20. a4 Be5 21. d6 Qxd6
22. Qxd6 Bxd6 23. Nc4 Rfd8 24. Nb5 Nxb5 25. axb5 Bf8 26. Red1 Rd4 27. b3 Rad8
28. Re1 Rd3 29. Reb1 R3d7 30. Ne5 Rc7 31. Rd1 Re8 32. Nc4 g6 33. Re1 Rd8 34.
Red1 Rcd7 35. Rxd7 Rxd7 36. Ne5 Rd4 37. Nc6 Rd3 38. Nxa7 Rxb3 39. Ra6 c4 40.
Rxb6 Bc5 41. Rb8+ Kf7 42. Nc6 c3 43. Ne5+ Ke6 44. Nd3 Kd5 45. Rd8+ Kc4 46. Ne5+
Kxb5 47. Rb8+ Bb6 48. Nd7 Ka6 49. Rc8 Bd4 50. Rc4 Ba7 51. Nf6 Kb5 52. Rc8 Bc5
53. Nd7 Bd4 54. Nf8 Rb2 55. Ne6 Bxf2 56. Kf3 Bb6 57. Kf4 Rb4+ 58. Ke5 Rc4 0-1

[Event "FIRST SATURDAY  GM JUNE 2014 DR"]
[Site "Budapest"]
[Date "2014.06.08"]
[Round "2.3"]
[White "Kislik, Erik Andrew"]
[Black "Sean, Winshand Cuhendi"]
[Result "0-1"]
[WhiteElo "2336"]
[BlackElo "2379"]
[PlyCount "84"]
[EventDate "2014.06.07"]

1. d4 Nf6 2. c4 g6 3. f3 Bg7 4. e4 d6 5. Nc3 O-O 6. Nge2 c5 7. d5 Na6 8. Ng3
Nc7 9. Be2 a6 10. a4 b6 11. O-O e6 12. Be3 Re8 13. e5 exd5 14. exf6 Rxe3 15.
fxg7 d4 16. Qd2 Kxg7 17. Nd1 Re8 18. f4 f5 19. Bf3 Rb8 20. b4 Be6 21. Nb2 Qd7
22. Rfc1 a5 23. bxa5 bxa5 24. Nd3 Rb6 25. Qxa5 Ra6 26. Qd2 Rxa4 27. Nb2 Ra6 28.
Ne2 Qc8 29. h3 Bf7 30. Kh2 Kg8 31. Ra5 Qb8 32. Rxa6 Nxa6 33. Ra1 Qb6 34. Qa5
Qxb2 35. Qxa6 d3 36. Ng3 Qd4 37. Rd1 Bxc4 38. Qa4 Re7 39. Ne2 Rxe2 40. Bxe2
Qxf4+ 41. Kh1 dxe2 42. Rg1 Qe4 0-1

[Event "FIRST SATURDAY  GM JUNE 2014 DR"]
[Site "Budapest"]
[Date "2014.06.09"]
[Round "3.1"]
[White "Sean, Winshand Cuhendi"]
[Black "Seres, Lajos"]
[Result "1/2-1/2"]
[WhiteElo "2379"]
[BlackElo "2444"]
[PlyCount "42"]
[EventDate "2014.06.07"]

1. e4 d5 2. exd5 Nf6 3. Nf3 Nxd5 4. c4 Nb6 5. d4 g6 6. c5 Nd5 7. Bc4 Bg7 8. Qb3
c6 9. Nc3 O-O 10. Nxd5 cxd5 11. Bxd5 Nc6 12. Bxc6 bxc6 13. O-O Bg4 14. Rd1 Rb8
15. Qc4 Qd7 16. b3 e5 17. Be3 exd4 18. Bxd4 Rbd8 19. Rd3 Bxf3 20. Bxg7 Qxd3 21.
Qxd3 Rxd3 1/2-1/2

[Event "FIRST SATURDAY  GM JUNE 2014 DR"]
[Site "Budapest"]
[Date "2014.06.09"]
[Round "3.2"]
[White "Akesson, Ralf"]
[Black "Kislik, Erik Andrew"]
[Result "1/2-1/2"]
[WhiteElo "2446"]
[BlackElo "2336"]
[PlyCount "42"]
[EventDate "2014.06.07"]

1. Nf3 d5 2. d4 Nf6 3. c4 c6 4. Qc2 dxc4 5. Qxc4 Bf5 6. g3 e6 7. Bg2 Be7 8. Qb3
Qb6 9. Nc3 O-O 10. Nd2 Nbd7 11. Nc4 Qa6 12. O-O b5 13. Ne5 Nxe5 14. dxe5 Nd7
15. Bf4 Nc5 16. Qb4 Rfe8 17. Qd4 Rad8 18. Qe3 b4 19. Ne4 Nxe4 20. Bxe4 Bxe4 21.
Qxe4 Rd5 1/2-1/2

[Event "FIRST SATURDAY  GM JUNE 2014 DR"]
[Site "Budapest"]
[Date "2014.06.09"]
[Round "3.3"]
[White "Wang, Puchen"]
[Black "Berczes, David"]
[Result "1-0"]
[WhiteElo "2450"]
[BlackElo "2481"]
[PlyCount "55"]
[EventDate "2014.06.07"]

1. d4 d5 2. c4 c6 3. Nf3 Nf6 4. Nc3 e6 5. Bg5 h6 6. Bxf6 Qxf6 7. e3 Nd7 8. Bd3
dxc4 9. Bxc4 g6 10. O-O Bg7 11. Rc1 O-O 12. Bb3 Qe7 13. Qc2 Kh8 14. h3 a5 15.
a3 e5 16. Ba2 f5 17. Na4 e4 18. Nd2 Rb8 19. Rfe1 Nf6 20. Nc4 Nd5 21. Ncb6 Be6
22. Nc5 Bg8 23. Bxd5 cxd5 24. Ncd7 f4 25. Nxb8 fxe3 26. fxe3 Rxb8 27. Qc7 Qe8
28. Nc8 1-0

[Event "FIRST SATURDAY  GM JUNE 2014 DR"]
[Site "Budapest"]
[Date "2014.06.10"]
[Round "4.1"]
[White "Seres, Lajos"]
[Black "Berczes, David"]
[Result "1/2-1/2"]
[WhiteElo "2444"]
[BlackElo "2481"]
[PlyCount "28"]
[EventDate "2014.06.07"]

1. d4 Nf6 2. c4 e6 3. Nc3 d5 4. Nf3 Be7 5. Bg5 O-O 6. e3 Nbd7 7. Rc1 c6 8. Bd3
dxc4 9. Bxc4 Nd5 10. Bxe7 Qxe7 11. O-O Nxc3 12. Rxc3 e5 13. dxe5 Nxe5 14. Nxe5
Qxe5 1/2-1/2

[Event "FIRST SATURDAY  GM JUNE 2014 DR"]
[Site "Budapest"]
[Date "2014.06.10"]
[Round "4.2"]
[White "Kislik, Erik Andrew"]
[Black "Wang, Puchen"]
[Result "1/2-1/2"]
[WhiteElo "2336"]
[BlackElo "2450"]
[PlyCount "115"]
[EventDate "2014.06.07"]

1. d4 d5 2. c4 c6 3. Nf3 Nf6 4. Nc3 dxc4 5. a4 Bf5 6. Ne5 Nbd7 7. Nxc4 Qc7 8.
g3 e5 9. dxe5 Nxe5 10. Bf4 Nfd7 11. Bg2 g5 12. Ne3 gxf4 13. Nxf5 O-O-O 14. Qc2
Nc5 15. O-O fxg3 16. hxg3 a5 17. Rfd1 Kb8 18. Rab1 Rxd1+ 19. Rxd1 Ne6 20. Ne4
Bb4 21. e3 h5 22. b3 Ng6 23. Nf6 Nc5 24. Rd4 Qe5 25. Nd7+ Nxd7 26. Rxd7 Qe6 27.
Rd4 Ka7 28. Kf1 Qf6 29. Rd7 Ne5 30. Rd4 Rg8 31. Ke2 Re8 32. Be4 Ng4 33. Bf3 Re5
34. Bxg4 hxg4 35. Nh4 Rc5 36. Rc4 Rd5 37. Kf1 Qg7 38. Kg2 Qg5 39. Qe4 f5 40.
Qe6 Bd6 41. Rd4 Rxd4 42. exd4 Bc7 43. Nxf5 Qd2 44. Qe4 Qd1 45. Qe3 Bb6 46. Kh2
Ka6 47. Qc3 Ka7 48. Kg2 Qe2 49. Nd6 Qe6 50. Nc4 Qe4+ 51. Kg1 Qb1+ 52. Kg2 Qe4+
53. Kf1 Bxd4 54. Qxa5+ Kb8 55. Qd8+ Ka7 56. Qa5+ Kb8 57. Qd8+ Ka7 58. Qa5+
1/2-1/2

[Event "FIRST SATURDAY  GM JUNE 2014 DR"]
[Site "Budapest"]
[Date "2014.06.10"]
[Round "4.3"]
[White "Sean, Winshand Cuhendi"]
[Black "Akesson, Ralf"]
[Result "1/2-1/2"]
[WhiteElo "2379"]
[BlackElo "2446"]
[PlyCount "111"]
[EventDate "2014.06.07"]

1. e4 c6 2. d4 d5 3. Nc3 dxe4 4. Nxe4 Nd7 5. Nf3 Ngf6 6. Ng3 e6 7. Bd3 c5 8.
O-O cxd4 9. Nxd4 Bc5 10. Nb3 Be7 11. Qe2 O-O 12. Bd2 Re8 13. a4 Qc7 14. Rfe1
Nf8 15. Nd4 Ng6 16. Nb5 Qb8 17. Nh5 Nxh5 18. Qxh5 Rd8 19. Bc3 Bd7 20. Be5 Qc8
21. Nc7 Rb8 22. Nb5 Ra8 23. Re3 f5 24. Bc7 Bxb5 25. Bxd8 Bxd3 26. Bxe7 Qxc2 27.
Qd1 Qxd1+ 28. Rxd1 Be4 29. Rd8+ Rxd8 30. Bxd8 Kf7 31. f3 Bc6 32. b3 Nf4 33. Ba5
b5 34. axb5 Bxb5 35. g3 Nd5 36. Re1 g5 37. Bd2 h6 38. Kf2 a6 39. Rc1 Bd7 40. h4
Kg6 41. Re1 Nf6 42. Ra1 Bb5 43. Rc1 g4 44. Bc3 Nd7 45. fxg4 fxg4 46. Bd4 e5 47.
Bb2 Kf5 48. Re1 h5 49. Re3 Bc6 50. b4 Bb5 51. Re1 Ke6 52. Re3 Kf5 53. Bc3 Bc6
54. Re2 Bb5 55. Re1 Bc6 56. Re3 1/2-1/2

[Event "FIRST SATURDAY  GM JUNE 2014 DR"]
[Site "Budapest"]
[Date "2014.06.11"]
[Round "5.1"]
[White "Akesson, Ralf"]
[Black "Seres, Lajos"]
[Result "1-0"]
[WhiteElo "2446"]
[BlackElo "2444"]
[PlyCount "61"]
[EventDate "2014.06.07"]

1. c4 e5 2. Nc3 Nf6 3. Nf3 Nc6 4. g3 d5 5. cxd5 Nxd5 6. Bg2 Nb6 7. O-O Be7 8.
d3 O-O 9. a3 Re8 10. b4 Bf8 11. Bb2 Bg4 12. h3 Be6 13. Kh2 a5 14. b5 Nd4 15.
Nd2 Nd5 16. Bxd5 Bxd5 17. e3 Nxb5 18. Nxb5 Bc6 19. Qb3 a4 20. Qc4 Ra5 21. Nc3
Rc5 22. Qg4 Qxd3 23. Nde4 Bxe4 24. Nxe4 Rc4 25. Nf6+ Kh8 26. Rad1 Qc2 27. Qd7
Ra8 28. Qxf7 gxf6 29. Rc1 Qxb2 30. Rxc4 c5 31. Rg4 1-0

[Event "FIRST SATURDAY  GM JUNE 2014 DR"]
[Site "Budapest"]
[Date "2014.06.11"]
[Round "5.2"]
[White "Wang, Puchen"]
[Black "Sean, Winshand Cuhendi"]
[Result "1-0"]
[WhiteElo "2450"]
[BlackElo "2379"]
[PlyCount "55"]
[EventDate "2014.06.07"]

1. d4 Nf6 2. Nf3 g6 3. g3 Bg7 4. c4 d6 5. Bg2 O-O 6. O-O Nc6 7. Nc3 a6 8. Qd3
Bg4 9. d5 Bxf3 10. exf3 Ne5 11. Qe2 c5 12. f4 Ned7 13. Bd2 Qc7 14. Rfe1 Rfe8
15. Bh3 Nf8 16. f5 gxf5 17. Bxf5 e6 18. dxe6 fxe6 19. Bh3 Rad8 20. Rad1 Kh8 21.
Bg5 h6 22. Bh4 Qe7 23. Qc2 Rd7 24. Ne4 Qd8 25. Qc1 N8h7 26. Qf4 Qc7 27. Nxf6
Rf8 28. Rxe6 1-0

[Event "FIRST SATURDAY  GM JUNE 2014 DR"]
[Site "Budapest"]
[Date "2014.06.11"]
[Round "5.3"]
[White "Berczes, David"]
[Black "Kislik, Erik Andrew"]
[Result "1-0"]
[WhiteElo "2481"]
[BlackElo "2336"]
[PlyCount "77"]
[EventDate "2014.06.07"]

1. d4 Nf6 2. Nc3 d5 3. Bf4 c5 4. e3 cxd4 5. exd4 a6 6. Nf3 Bg4 7. h3 Bxf3 8.
Qxf3 Nc6 9. O-O-O e6 10. g4 Qa5 11. Kb1 Bb4 12. Ne2 O-O 13. Ng3 Be7 14. g5 Nd7
15. h4 Rfc8 16. Qb3 b5 17. h5 Nf8 18. Bg2 Ra7 19. Ne2 Rb7 20. g6 Bf6 21. Bd6
Qd8 22. Qg3 Be7 23. gxf7+ Kxf7 24. Be5 Nxe5 25. dxe5 Rbc7 26. Nd4 Bc5 27. Nxe6
Nxe6 28. Bxd5 Qe7 29. Qg4 Re8 30. f4 Kf8 31. f5 Qg5 32. Qe4 Nf4 33. Bb3 h6 34.
Rhf1 Nxh5 35. Qd5 Nf6 36. exf6 gxf6 37. Rfe1 Be3 38. Qd6+ Ree7 39. Qd8+ 1-0

[Event "FIRST SATURDAY  GM JUNE 2014 DR"]
[Site "Budapest"]
[Date "2014.06.13"]
[Round "6.1"]
[White "Seres, Lajos"]
[Black "Kislik, Erik Andrew"]
[Result "1/2-1/2"]
[WhiteElo "2444"]
[BlackElo "2336"]
[PlyCount "26"]
[EventDate "2014.06.07"]

1. e4 e6 2. d4 d5 3. Nd2 Nf6 4. e5 Nfd7 5. Bd3 c5 6. c3 Nc6 7. Ne2 cxd4 8. cxd4
f6 9. exf6 Nxf6 10. Nf3 Bd6 11. O-O O-O 12. Bf4 Bxf4 13. Nxf4 Ng4 1/2-1/2

[Event "FIRST SATURDAY  GM JUNE 2014 DR"]
[Site "Budapest"]
[Date "2014.06.13"]
[Round "6.2"]
[White "Berczes, David"]
[Black "Sean, Winshand Cuhendi"]
[Result "1-0"]
[WhiteElo "2481"]
[BlackElo "2379"]
[PlyCount "67"]
[EventDate "2014.06.07"]

1. d4 Nf6 2. c4 g6 3. Nf3 Bg7 4. g3 d6 5. Bg2 O-O 6. Nc3 Nc6 7. O-O a6 8. e3 e5
9. d5 Ne7 10. e4 c5 11. a4 Bd7 12. a5 b5 13. axb6 Qxb6 14. Ne1 Nh5 15. Ra3 Qb7
16. Nd3 Qc8 17. Bg5 f6 18. Be3 f5 19. Bg5 Nf6 20. f4 exf4 21. e5 dxe5 22. Nxe5
Ng4 23. d6 Bxe5 24. dxe7 Bd4+ 25. Qxd4 cxd4 26. exf8=Q+ Kxf8 27. Nd5 Rb8 28. b3
Ne3 29. Re1 Nxd5 30. Bxd5 Kg7 31. Re7+ Kf8 32. Rxh7 Qc5 33. Bf6 d3+ 34. Kf1 1-0

[Event "FIRST SATURDAY  GM JUNE 2014 DR"]
[Site "Budapest"]
[Date "2014.06.13"]
[Round "6.3"]
[White "Wang, Puchen"]
[Black "Akesson, Ralf"]
[Result "0-1"]
[WhiteElo "2450"]
[BlackElo "2446"]
[PlyCount "64"]
[EventDate "2014.06.07"]

1. e4 c6 2. Nc3 d5 3. Nf3 Bg4 4. d4 dxe4 5. Nxe4 e6 6. Bd3 Be7 7. Be3 Nd7 8.
Ng3 Ngf6 9. h3 Bxf3 10. Qxf3 Qa5+ 11. c3 Qd5 12. Ne4 Nxe4 13. Bxe4 Qb5 14.
O-O-O Nf6 15. Bb1 Nd5 16. Bd3 Qb6 17. h4 a5 18. Qg4 Bf6 19. Bd2 a4 20. a3 Qb3
21. Qe2 b5 22. Kb1 Nb6 23. Bc2 Qc4 24. Qf3 Rc8 25. g4 Qd5 26. Be4 Qb3 27. Bxc6+
Kf8 28. Bc1 Nc4 29. Ka1 Be7 30. Be4 Bxa3 31. bxa3 Nxa3 32. c4 Nc2+ 0-1

[Event "FIRST SATURDAY  GM JUNE 2014 DR"]
[Site "Budapest"]
[Date "2014.06.14"]
[Round "7.1"]
[White "Wang, Puchen"]
[Black "Seres, Lajos"]
[Result "1-0"]
[WhiteElo "2450"]
[BlackElo "2444"]
[PlyCount "59"]
[EventDate "2014.06.07"]

1. d4 d5 2. c4 c6 3. Nf3 Nf6 4. Nc3 a6 5. a4 e6 6. Bg5 Nbd7 7. e3 Qa5 8. Nd2
Bb4 9. Rc1 e5 10. Nb3 Qc7 11. Bd3 dxc4 12. Bxc4 Nb6 13. Bxf6 gxf6 14. Be2 Nxa4
15. O-O Nxc3 16. bxc3 Bd6 17. g3 Bf5 18. Bg4 Bg6 19. f4 h5 20. f5 hxg4 21. fxg6
fxg6 22. Rxf6 Qh7 23. Rc2 Ke7 24. Rcf2 Qh5 25. Rxd6 Kxd6 26. dxe5+ Kc7 27. Qd6+
Kc8 28. Nc5 Rd8 29. Rf8 Qg5 30. Qd7+ 1-0

[Event "FIRST SATURDAY  GM JUNE 2014 DR"]
[Site "Budapest"]
[Date "2014.06.14"]
[Round "7.2"]
[White "Akesson, Ralf"]
[Black "Berczes, David"]
[Result "1/2-1/2"]
[WhiteElo "2446"]
[BlackElo "2481"]
[PlyCount "87"]
[EventDate "2014.06.07"]

1. Nf3 d5 2. d4 Nf6 3. c4 c6 4. e3 e6 5. Bd3 Nbd7 6. b3 Bd6 7. Bb2 O-O 8. Nbd2
b6 9. e4 dxe4 10. Nxe4 Nxe4 11. Bxe4 Bb7 12. Ne5 Qc7 13. Nxd7 Bb4+ 14. Ke2 Qxd7
15. Qc2 f5 16. Bf3 Rad8 17. Rhd1 Qc7 18. h3 Be7 19. Rd3 c5 20. Bxb7 Qxb7 21.
Kf1 cxd4 22. Rxd4 Rxd4 23. Bxd4 Rd8 24. Rd1 Qd7 25. Rd2 Bb4 26. Bc3 Qxd2 27.
Bxd2 Rxd2 28. Qc1 Rxa2 29. Qg5 Bc5 30. Qd8+ Kf7 31. Qd7+ Kf6 32. Qd8+ Kg6 33.
Qe8+ Kg5 34. Qd7 Kh6 35. b4 Bxb4 36. Qxe6+ g6 37. Qe3+ Kg7 38. Qd4+ Kh6 39.
Qf4+ Kg7 40. Qe5+ Kh6 41. Qf4+ Kg7 42. Qe5+ Kh6 43. Qf4+ Kg7 44. Qe5+ 1/2-1/2

[Event "FIRST SATURDAY  GM JUNE 2014 DR"]
[Site "Budapest"]
[Date "2014.06.14"]
[Round "7.3"]
[White "Sean, Winshand Cuhendi"]
[Black "Kislik, Erik Andrew"]
[Result "1-0"]
[WhiteElo "2379"]
[BlackElo "2336"]
[PlyCount "89"]
[EventDate "2014.06.07"]

1. e4 e5 2. Nf3 Nc6 3. Bb5 a6 4. Ba4 Nf6 5. O-O b5 6. Bb3 Bb7 7. Re1 Bc5 8. c3
d6 9. d4 Bb6 10. h3 h6 11. Be3 O-O 12. Nbd2 Re8 13. d5 Ne7 14. Bxb6 cxb6 15.
Nh4 Ng6 16. Nxg6 fxg6 17. f4 exf4 18. Qf3 Nd7 19. Qxf4 Ne5 20. Qe3 Qc7 21. Kh1
g5 22. Rf1 g4 23. h4 Re7 24. Rf5 Bc8 25. Rf2 Bd7 26. Raf1 Rae8 27. Bd1 Qc5 28.
Qg3 b4 29. Be2 bxc3 30. bxc3 Qa5 31. Nb3 Qxa2 32. Nd4 Qa3 33. Nf5 Bxf5 34. exf5
Rc7 35. f6 Rxc3 36. Qxg4 Nxg4 37. f7+ Kh7 38. fxe8=Q Re3 39. Qh5 Nxf2+ 40. Rxf2
Qa1+ 41. Rf1 Qd4 42. Qf5+ Kg8 43. Qc8+ Kh7 44. Bg4 Rg3 45. Qc2+ 1-0

[Event "FIRST SATURDAY  GM JUNE 2014 DR"]
[Site "Budapest"]
[Date "2014.06.15"]
[Round "8.1"]
[White "Seres, Lajos"]
[Black "Sean, Winshand Cuhendi"]
[Result "1/2-1/2"]
[WhiteElo "2444"]
[BlackElo "2379"]
[PlyCount "21"]
[EventDate "2014.06.07"]

1. d4 Nf6 2. c4 e6 3. Nf3 d5 4. Nc3 Be7 5. Bg5 O-O 6. e3 h6 7. Bh4 b6 8. Bd3
Bb7 9. O-O Nbd7 10. Rc1 dxc4 11. Bxc4 1/2-1/2

[Event "FIRST SATURDAY  GM JUNE 2014 DR"]
[Site "Budapest"]
[Date "2014.06.15"]
[Round "8.3"]
[White "Berczes, David"]
[Black "Wang, Puchen"]
[Result "1-0"]
[WhiteElo "2481"]
[BlackElo "2450"]
[PlyCount "55"]
[EventDate "2014.06.07"]

1. Nf3 f5 2. g3 Nf6 3. Bg2 g6 4. O-O Bg7 5. d4 O-O 6. b3 d6 7. Bb2 e6 8. Nbd2
Nc6 9. Ne1 Bd7 10. Nd3 a5 11. a3 Qe8 12. c4 g5 13. c5 e5 14. d5 Ne7 15. e4 Bb5
16. Qc2 fxe4 17. Nxe4 Nexd5 18. cxd6 Nxe4 19. Bxe4 Nf6 20. d7 Qh5 21. Nxe5 Bxf1
22. Rxf1 Nxe4 23. Qxe4 c6 24. g4 Qh6 25. Qc4+ Kh8 26. Nf7+ Rxf7 27. Qxf7 Bxb2
28. Re1 1-0

[Event "FIRST SATURDAY  GM JUNE 2014 DR"]
[Site "Budapest"]
[Date "2014.06.16"]
[Round "9.1"]
[White "Berczes, David"]
[Black "Seres, Lajos"]
[Result "1/2-1/2"]
[WhiteElo "2481"]
[BlackElo "2444"]
[PlyCount "22"]
[EventDate "2014.06.07"]

1. e4 c6 2. d4 d5 3. Nc3 dxe4 4. Nxe4 Bf5 5. Ng3 Bg6 6. Nf3 Nd7 7. Bd3 Ngf6 8.
O-O e6 9. b3 Bxd3 10. Qxd3 Be7 11. Bb2 O-O 1/2-1/2

[Event "FIRST SATURDAY  GM JUNE 2014 DR"]
[Site "Budapest"]
[Date "2014.06.16"]
[Round "9.3"]
[White "Akesson, Ralf"]
[Black "Sean, Winshand Cuhendi"]
[Result "1-0"]
[WhiteElo "2446"]
[BlackElo "2379"]
[PlyCount "95"]
[EventDate "2014.06.07"]

1. d4 Nf6 2. c4 g6 3. Nc3 Bg7 4. e4 d6 5. Nf3 O-O 6. h3 e5 7. d5 Na6 8. Be3 Nh5
9. Nd2 Qe8 10. Nb3 f5 11. c5 f4 12. Bd2 Nxc5 13. Nxc5 dxc5 14. b4 Qe7 15. Qb3
Kh8 16. bxc5 Qxc5 17. Nb5 Qb6 18. a4 c6 19. a5 Qd8 20. Nc3 f3 21. g3 cxd5 22.
Nxd5 Be6 23. Bc4 Rc8 24. Rc1 Bxd5 25. exd5 Qd7 26. Bb5 Qf5 27. Rxc8 Rxc8 28.
O-O a6 29. Ba4 e4 30. g4 Qf7 31. d6 Qxb3 32. Bxb3 Nf6 33. Rc1 Rxc1+ 34. Bxc1
Nd7 35. Ba3 Bd4 36. Bd5 e3 37. fxe3 Bxe3+ 38. Kf1 Kg7 39. Bxb7 Kf7 40. Bxa6 Nf6
41. Bb7 Ke6 42. Bxf3 Ne8 43. Bd5+ Kd7 44. Bg8 Nxd6 45. Bxh7 Nc4 46. Bb4 g5 47.
Ke2 Bg1 48. Bd3 {1-0 Akesson,R-Sean,W/Budapest 2014 (48)} 1-0

[Event "FIRST SATURDAY  GM JUNE 2014 DR"]
[Site "Budapest"]
[Date "2014.06.17"]
[Round "10.1"]
[White "Seres, Lajos"]
[Black "Akesson, Ralf"]
[Result "1/2-1/2"]
[WhiteElo "2444"]
[BlackElo "2446"]
[PlyCount "25"]
[EventDate "2014.06.07"]

1. d4 d5 2. c4 c6 3. cxd5 cxd5 4. Nf3 Nf6 5. Nc3 Nc6 6. Bf4 Bf5 7. e3 e6 8. Bd3
Bxd3 9. Qxd3 Bd6 10. Bxd6 Qxd6 11. O-O O-O 12. Rfc1 Rfc8 13. a3 1/2-1/2

[Event "FIRST SATURDAY  GM JUNE 2014 DR"]
[Site "Budapest"]
[Date "2014.06.17"]
[Round "10.2"]
[White "Sean, Winshand Cuhendi"]
[Black "Wang, Puchen"]
[Result "1/2-1/2"]
[WhiteElo "2379"]
[BlackElo "2450"]
[PlyCount "48"]
[EventDate "2014.06.07"]

1. e4 c6 2. d4 d5 3. Nc3 dxe4 4. Nxe4 Bf5 5. Ng3 Bg6 6. h4 h6 7. Nf3 Nd7 8. h5
Bh7 9. Bd3 Bxd3 10. Qxd3 e6 11. Bd2 Ngf6 12. O-O-O Be7 13. Kb1 O-O 14. Ne4 Nxe4
15. Qxe4 Nf6 16. Qe2 Qd5 17. Ne5 Qe4 18. Qxe4 Nxe4 19. Be1 Rfd8 20. f3 Nf6 21.
Bf2 Rac8 22. g4 Kf8 23. c4 Nd7 24. Nxd7+ Rxd7 1/2-1/2

[Event "FIRST SATURDAY  GM JUNE 2014 DR"]
[Site "Budapest"]
[Date "2014.06.17"]
[Round "10.3"]
[White "Kislik, Erik Andrew"]
[Black "Berczes, David"]
[Result "1-0"]
[WhiteElo "2336"]
[BlackElo "2481"]
[PlyCount "145"]
[EventDate "2014.06.07"]

1. d4 Nf6 2. c4 e6 3. Nf3 c5 4. d5 b5 5. e4 Nxe4 6. Bd3 Nd6 7. cxb5 a6 8. b6
Bb7 9. Nc3 Be7 10. O-O exd5 11. Bf4 Qxb6 12. Re1 Nc8 13. Na4 Qa5 14. b4 cxb4
15. Rc1 Bc6 16. Ne5 g6 17. Bh6 f6 18. Nxc6 Nxc6 19. Bg7 Rf8 20. Rc5 Qc7 21.
Bxf8 Kxf8 22. Rxd5 Ra7 23. Bc4 Kg7 24. Bb3 Ne5 25. Rd2 Nb6 26. Rc2 Qb8 27. Nxb6
Qxb6 28. Rc8 h5 29. Qd2 Bf8 30. Qd5 Qe6 31. Qxe6 dxe6 32. f4 Nd3 33. Rxe6 Nxf4
34. Ree8 Bd6 35. Rg8+ Kh6 36. Rh8+ Kg5 37. g3 Ne2+ 38. Kg2 Nd4 39. h4+ Kf5 40.
Bc4 Ke4 41. Rhg8 Be5 42. Rxg6 a5 43. Rgg8 a4 44. Ra8 Rc7 45. Rgc8 Rxc8 46. Rxc8
Nf5 47. Be6 Ne3+ 48. Kh3 f5 49. Ra8 a3 50. Ra4 Bd6 51. Ra6 Bc5 52. Bf7 Nd1 53.
Bxh5 Nc3 54. Bf7 Kd3 55. h5 Kc2 56. Ra5 Be3 57. Rxf5 Kb2 58. Rf3 Bh6 59. Rf2+
Kb1 60. g4 Be3 61. Rg2 Bg5 62. h6 Bxh6 63. g5 Bg7 64. Kg4 Nb5 65. Kh5 Nd4 66.
Kg6 Be5 67. Rg1+ Kb2 68. Re1 Bg3 69. Rd1 Nf3 70. Bd5 Bf4 71. Rf1 Ne5+ 72. Kf5
Bg3 73. Rg1 1-0